000 01248cam a22003374a 4500
001 4993944
003 OSt
005 20250609154825.0
008 990202s2000 ilua b 001 0 eng
010 _a 99012822
020 _a0072346523 (book bound with CDROM)
035 _a(DLC) 99012822
040 _aDLC
_cDLC
_dDLC
042 _apcc
050 0 0 _aHD62.7
_b.S5943 2000
082 0 0 _a658.02/2
_221
100 1 _aMegginson, William L.
245 1 0 _aSmall business management :
_ban entrepreneur's guidebook /
_cWilliam L. Megginson, Mary Jane Byrd, Leon C. Megginson.
250 _a3rd ed.
260 _aBoston :
_bIrwin/McGraw-Hill,
_cc2000.
300 _axviii, 510 p. :
_bill. ;
_c26 cm. +
_e1 computer disk (3 1/2 in.)
500 _aRev. ed. of: Small business management / William L. Megginson ... [et al.].
504 _aIncludes bibliographical references (p. 486-501) and index.
650 0 _aSmall business
_xManagement.
650 0 _aSmall business
_xManagement
_vCase studies.
700 1 _aByrd, Mary Jane.
700 1 _aMegginson, Leon C.
906 _a7
_bcbc
_corignew
_d1
_eocip
_f19
_gy-gencatlg
942 _2lcc
_cBK
_n0
999 _c6367
_d6367